Les 10 « AEIOU » pays les plus proches en Nouvelle-Zélande - Statistiques

Statistiques générales
  • Ce quiz a été pris 104 fois
  • Le résultat moyen est 6 sur 10
Statistiques - réponses
km pays % Correct
1303 Australie
99%
4283 Indonésie
87%
9794 Inde
83%
9826 Uruguay
64%
6807 Etats-Unis
63%
7497 Argentine
58%
9950 Équateur
58%
13 353 Iran
48%
12 861 Afghanistan
42%
11 968 Angola
20%
Aucun quiz correspondant
Distribution des résultats
% des personnes avec chaque résultat
Percentile par nombre de réponses
Votre historique - résultats
Vous n’avez pas pris ce quiz